000 00555nam a2200229Ia 4500
003 OSt
005 20220918203612.0
006 a|||||r|||| 00| 0
007 ta
008 220917b |||||||| |||| 00| 0 eng d
024 _a109,135
037 _cTextual
040 _aARTS
_cARTS
_beng
041 _2eng
_aeng
082 _aV44Q7:1:N7, K92
100 _aKureishi R
_9109228
245 0 _aNation of Pakistan
260 _c1969
650 _aHISTORY
942 _hV44Q7:1:N7, K92
_cTEXL
_2CC
999 _c232489
_d232489